[Event "GER-ch U10 Girls"]
[Site "Willingen"]
[Date "2023.06.03"]
[Round "11"]
[White "Englert, Ann"]
[Black "Greither, Flora"]
[Result "1/2-1/2"]
[WhiteElo "1328"]
[BlackElo "978"]
[PlyCount "95"]
[EventDate "2023.05.27"]
[EventType "swiss"]
[EventRounds "11"]
[EventCountry "GER"]
[SourceTitle "CBM 214 Extra"]
[Source "ChessBase"]
[SourceDate "2023.07.31"]
[SourceVersion "1"]
[SourceVersionDate "2023.07.31"]
[SourceQuality "1"]

1. d4 d5 2. c4 c6 3. Nc3 Nf6 4. cxd5 cxd5 5. Bf4 Bf5 6. e3 Nc6 7. Nf3 e6 8. Be2 Bb4 9. 0-0 Bd6 10. Bxd6 Qxd6 11. a3 0-0 12. Rc1 Rac8 13. Nb5 Qe7 14. Ne5 Nxe5 15. dxe5 Ne4 16. f3 Nc5 17. Nxa7 Ra8 18. Nb5 Nd7 19. f4 Nc5 20. Nd6 Ne4 21. Nxf5 exf5 22. Qxd5 Rad8 23. Qa2 Nd2 24. Rfd1 Ne4 25. Bf3 Rxd1+ 26. Rxd1 h6 27. Bxe4 fxe4 28. b4 b5 29. Qd5 Qa7 30. Qxe4 Qxa3 31. Qd4 Qb3 32. Rc1 Qa3 33. Qc3 Qa7 34. Ra1 Qb7 35. Qd3 Qe7 36. Rb1 Rb8 37. Qd6 Qa7 38. Kh1 Rf8 39. Qc5 Qa2 40. Rc1 Qa3 41. Qc3 Qa7 42. Kg1 Qb7 43. Qc6 Qa7 44. Qc5 Qa3 45. Qc3 Qa7 46. Kf2 Qe7 47. g3 Qe6 48. Kg1 1/2-1/2

[Event "GER-ch U10 Girls"]
[Site "Willingen"]
[Date "2023.05.31"]
[Round "6"]
[White "Greither, Flora"]
[Black "Noennig, Lotte"]
[Result "0-1"]
[WhiteElo "978"]
[BlackElo "1341"]
[PlyCount "46"]
[EventDate "2023.05.27"]
[EventType "swiss"]
[EventRounds "11"]
[EventCountry "GER"]
[SourceTitle "CBM 214 Extra"]
[Source "ChessBase"]
[SourceDate "2023.07.31"]
[SourceVersion "1"]
[SourceVersionDate "2023.07.31"]
[SourceQuality "1"]

1. e4 e5 2. Nf3 Nc6 3. Bb5 a6 4. Ba4 Bc5 5. d3 Nf6 6. Bg5 h6 7. Bh4 d6 8. c3 Be6 9. Nbd2 b5 10. Bb3 Bxb3 11. axb3 0-0 12. 0-0 Qe7 13. b4 Bb6 14. h3 Qe6 15. c4 Nxb4 16. cxb5 axb5 17. Rxa8 Rxa8 18. Qe2 Nh5 19. Nh2 Nf4 20. Qf3 Nbxd3 21. Ng4 Nxb2 22. Rb1 Ra2 23. Qg3 Ne2+ 0-1

[Event "GER-ch U10 Girls"]
[Site "Willingen"]
[Date "2023.05.31"]
[Round "7"]
[White "Tiuca, Emma"]
[Black "Greither, Flora"]
[Result "1-0"]
[WhiteElo "1149"]
[BlackElo "978"]
[PlyCount "93"]
[EventDate "2023.05.27"]
[EventType "swiss"]
[EventRounds "11"]
[EventCountry "GER"]
[SourceTitle "CBM 214 Extra"]
[Source "ChessBase"]
[SourceDate "2023.07.31"]
[SourceVersion "1"]
[SourceVersionDate "2023.07.31"]
[SourceQuality "1"]

1. e4 e5 2. Nf3 Nc6 3. Bb5 Nf6 4. 0-0 Be7 5. Re1 0-0 6. c3 d6 7. h3 Be6 8. d4 exd4 9. cxd4 Bd7 10. d5 Nb4 11. Bxd7 Qxd7 12. a3 Na6 13. Nc3 Nc5 14. Be3 Ncxe4 15. Nxe4 Nxe4 16. Bd4 Nf6 17. Bc3 Rfe8 18. Qd2 h6 19. Rad1 Nh5 20. Bb4 c5 21. dxc6 bxc6 22. Bxd6 Rad8 23. Bxe7 Rxe7 24. Rxe7 Qxd2 25. Rxd2 Rxd2 26. Nxd2 Kf8 27. Rxa7 Ke8 28. b4 Nf6 29. a4 Nd7 30. b5 cxb5 31. axb5 Kd8 32. Nc4 Kc8 33. Nd6+ Kd8 34. Nxf7+ Kc8 35. Nd6+ Kd8 36. Ra4 Kc7 37. Rb4 Kxd6 38. Rb1 Kc5 39. Kf1 Kb6 40. Ke2 Ne5 41. Rb2 Nc4 42. Rb3 Na5 43. Rg3 g5 44. Rg4 Nb3 45. Ke3 Kxb5 46. h4 gxh4 47. Rxh4 1-0